An investigation into linguistic features of volitional verbs in english and vietnamese /

This thesis has been done in an effort to investigate linguistic features of volitional verbs denoting intentions and wishes in English and Vietnamese in three aspects: syntax, semantics and pragmatics. Some concepts and terms in relation to this linguistic area such as definition of verbs, definiti...

Cur síos iomlán

Đã lưu trong:
Sonraí Bibleagrafaíochta
Príomhúdar: Ngô,Thị Trúc Mai
Formáid: Leabhar
Teanga:English
Foilsithe: ĐHNN, 2016.
Ábhair:
Clibeanna: Cuir Clib Leis
Gan Chlibeanna, Bí ar an gcéad duine leis an taifead seo a chlibeáil!
Thư viện lưu trữ: Mạng thư viện Đại học Đà Nẵng
LEADER 04410nam a22003611a 4500
001 000041148
003 17444
005 20240619150958.0
008 170302s2016 vm 000 eng
040 |a LNN 
041 |a eng 
082 |a 425  |b NG-M 
100 |a Ngô,Thị Trúc Mai 
245 3 |a An investigation into linguistic features of volitional verbs in english and vietnamese /  |c Ngô Thị Trúc Mai. 
260 |a ĐHNN,  |c 2016. 
300 |a 96tr . : ill ; 30cm. 
520 |a This thesis has been done in an effort to investigate linguistic features of volitional verbs denoting intentions and wishes in English and Vietnamese in three aspects: syntax, semantics and pragmatics. Some concepts and terms in relation to this linguistic area such as definition of verbs, definition of verb phrases, volition, volitional verbs denoting intentions and wishes have been presented and discussed. The viewpoints on volitional verbs denoting intentions and wishes of some linguists like Halliday (1989), Quirk and Greenbaum (1973), Diệp Quang Ban and Hoàng Văn Thung (2006) have been also mentioned in theoretical background on which 1129 English samples and 1019 Vietnamese ones have been collected from 18 novels and short stories by English, American and Vietnamese writers to find out the syntactic, semantic and pragmatic features of volitional verbs. A contrastive analysis has been carried out to explore the similarities and differences between English volitional verbs and Vietnamese ones in terms of the above mentioned aspects. The study has showed the collocation of verbs denoting intentions and wishes with other parts of speech such as noun, to infinitive, object and to infinitive, gerund, preposition or that clause. Besides, the diversity in shades of meanings of these volitional verbs is mainly based on the degree of volition. The use of volitional verbs has a great effect on the choice of the level of politeness and formality of the language. In addition, the study has presented the distributions as well as the frequency of these verbs in both languages. The findings then served as a foundation to put forward a number of implications for English language teaching and learning to help Vietnamese learners of English to reach the effective communication. Finally, suggestions for further studies have been offered for anyone that is interested in this problem to continue studying to perfect this research. 
650 |a linguistic features 
653 |a volitional verbs 
OWN |a LNN 
AVA |a UDN50  |b LNN  |c English  |d 425 NG-M  |e available  |t Error 5001 Not defined in file expand_doc_bib_avail.  |f 1  |g 0  |h N  |i 0  |j AN  |k 1 
Z40 3 |y AN INVESTIGATION INTO LINGUISTIC FEATURES OF VOLITIONAL VERBS IN ENGLISH AND VIETNAMESE  |l Library of UFL  |t VIEW  |x http://catalog.udn.vn:80/F?func=service&doc_library=UDN01&local_base=UDN01&doc_number=000041148&sequence=000001&line_number=0001&func_code=DB_RECORDS&service_type=MEDIA  |f TOMTAT_000007925.pdf  |e pdf  |s 000525042  |k 20200913  |m NTMTHI 
Z40 3 |y AN INVESTIGATION INTO LINGUISTIC FEATURES OF VOLITIONAL VERBS IN ENGLISH AND VIETNAMESE  |l Library of UFL  |t VIEW  |x http://catalog.udn.vn:80/F?func=service&doc_library=UDN01&local_base=UDN01&doc_number=000041148&sequence=000002&line_number=0002&func_code=DB_RECORDS&service_type=MEDIA  |f LUANVAN_000007927.pdf  |e pdf  |s 001166841  |k 20200913  |m NTMTHI 
999 |a From the UDN01 
AVA |a UDN50  |b LNN  |c English  |d 425 NG-M  |e available  |t Error 5001 Not defined in file expand_doc_bib_avail.  |f 1  |g 0  |h N  |i 0  |j AN  |k 1 
TYP |a Monograph 
TYP |a Printed language 
856 |y AN INVESTIGATION INTO LINGUISTIC FEATURES OF VOLITIONAL VERBS IN ENGLISH AND VIETNAMESE  |l Library of UFL  |t VIEW  |x http://catalog.udn.vn:80/F?func=service&doc_library=UDN01&local_base=UDN01&doc_number=000041148&sequence=000001&line_number=0001&func_code=DB_RECORDS&service_type=MEDIA  |f TOMTAT_000007925.pdf  |e pdf  |s 000525042  |k 20200913  |m NTMTHI 
856 |y AN INVESTIGATION INTO LINGUISTIC FEATURES OF VOLITIONAL VERBS IN ENGLISH AND VIETNAMESE  |l Library of UFL  |t VIEW  |x http://catalog.udn.vn:80/F?func=service&doc_library=UDN01&local_base=UDN01&doc_number=000041148&sequence=000002&line_number=0002&func_code=DB_RECORDS&service_type=MEDIA  |f LUANVAN_000007927.pdf  |e pdf  |s 001166841  |k 20200913  |m NTMTHI 
980 |a Mạng thư viện Đại học Đà Nẵng